Hamburg, Berlin oder Köln? - Statistiken

Allgemein
  • Dieses Quiz wurde 278 mal gespielt
  • Das Durchschnittsergebnis liegt bei 15 aus 20
Antwortstatistiken
Frage Antwort % Korrekt
Welche Sehenswürdigkeit findet man in Berlin?
99%
Welche Stadtbild-Silhouette gehört zu Köln?
98%
Welche Stadt liegt am nördlichsten? Hamburg
98%
Welches Bild zeigt den Hamburger Hafen?
96%
Welche Stadtbild-Silhouette gehört zu Berlin?
94%
Welche Stadtbild-Silhouette gehört zu Hamburg?
94%
Welche der drei Städte hat die niedrigste Bevölkerung? (1,09 Millionen.) Köln
93%
In welcher Stadt befindet sich Checkpoint Charlie? Berlin
92%
Welche Stadt ist Flächenmäßig die Größte?(891,8 km²) Berlin
91%
Welche Karte zeigt alle drei Städte?
88%
Welche Stadt hat das höchste Gebäude (368m)? Berlin
80%
Welche Form ist Berlin?
78%
Welche Stadt ist die Älteste? (≈ 2000 Jahre) Köln
78%
Welche Stadt hat das höchste BIP pro Kopf? (86.899 €) Hamburg
76%
Welche Form ist Hamburg?
70%
50° 56′ 33″ nB und 6° 57′ 32″ öL, sind die Koordinaten welcher Stadt? Köln
66%
Welche Stadt hat die prozentual meisten Grünflächen? (min. 50%) Hamburg
41%
Welche Stadt hat die längste Straße? (21 km) Köln
19%
Welche der drei Städte hat den höchsten Altersdurchschnitt (42,9 Jahre)? Berlin
11%
In welcher Stadt ist die Miete durchschnittlich am teuersten(14,61€/qm)? Köln
8%
Keine übereinstimmenden Quizze gefunden
Verteilung der Resultate
Anzahl Personen mit jedem Resultat
Perzentil nach korrekt beantworteten Fragen
Ihre Resultats-Entwicklung
Sie haben dieses Quiz noch nicht gespielt